000 01117nas a2200361 4500
001 BR2021000069
003 BR-BrBNA
005 20231205132116.0
007 ta
008 230509b bl.|||p| |||| 00| 00por d
040 _aBR-BrBNA
_bpor
_cBiblioteca Nacional de Agricultura
041 _a(En)
072 _aF30
100 1 _aGomes Júnior, R.A.
100 1 _aLopes, R.
100 1 _aCunha, R.N.V. da
100 1 _aPina, A.J. de A.
100 1 _aQuaresma, C.E.
100 1 _aCampelo, R.D.
100 1 _aResende, M.D.V. de
245 1 _aSelection gains for bunch production in interspecific hybrids between "caiaué" and oil palm
650 _aCAIAUÉ
650 _aDENDÊ
650 _aSELEÇÃO
650 _aGANHO GENÉTICO
650 _aMELHORAMENTO GENÉTICO VEGETAL
650 _aCACHO
650 _aPRODUÇÃO
773 0 _tPesquisa Agropecuária Brasileira (Brazil)
_xISSN 1678-3921
_g(2019), v. 54 p. 1-11
_wBR2021000069
856 4 0 _uhttps://www.scielo.br/j/pab/a/tCsHVkJQtyj8937RGdGJhnD/?format=pdf lang=en
909 _a202311
_bLúcia
_c55
_dLúcia Elande
942 _2AGRIS
_n0
_cANA
999 _c258512
_d258512